Desarrollo de la metodología de planificación estratégica en Maderas y Materiales El Cipresal para definir y mantener un enfoque estratégico
Salvato in:
| Autore principale: | |
|---|---|
| Altri autori: | , , |
| Natura: | Libro |
| Lingua: | Spanish |
| Pubblicazione: |
[San José, Costa Rica]
2014
|
| Soggetti: | |
| Tags: |
Aggiungi Tag
Nessun Tag, puoi essere il primo ad aggiungerne!!
|
MARC
| LEADER | 00000nam a22000007a 4500 | ||
|---|---|---|---|
| 003 | 011974 | ||
| 005 | 20240212113453.0 | ||
| 008 | 150306b2014 CR a|||| |||| 00| 0 spa d | ||
| 040 | |c cru CEDI | ||
| 090 | |a TFG 7140 | ||
| 100 | |a Agüero Meneses, Adriana, 1990- |9 2444 | ||
| 245 | |a Desarrollo de la metodología de planificación estratégica en Maderas y Materiales El Cipresal para definir y mantener un enfoque estratégico | ||
| 260 | |a [San José, Costa Rica] |c 2014 | ||
| 500 | |a Proyecto de graduación (licenciatura en ingeniería industrial)--Universidad de Costa Rica. Facultad de Ingeniería. Escuela de Ingeniería Industrial | ||
| 501 | |a Director de Proyecto de Graduación: Ing. Jonathan Vásquez Paniagua | ||
| 610 | 0 | |a MADERAS Y MATERIALES EL CIPRESAL (COSTA RICA) |9 2445 | |
| 650 | |x PLANIFICACION ESTRATEGICA - COSTA RICA |x PLANIFICACION EMPRESARIAL - COSTA RICA |x MADERAS - PRODUCCION - COSTA RICA |x MUEBLES EN MADERA |9 332 | ||
| 700 | |a Chacón Salas, José Andrés, 1988- |9 2446 | ||
| 700 | |a Villegas Rodríguez, Mariana, 1990- |9 2447 | ||
| 700 | |a Vásquez Paniagua, Jonathan, 1979- |d Director del TFG |9 1244 | ||
| 942 | |c TFG |h TFG 7140 |i 011974 |6 TFG_7140_011974000000000 | ||
| 999 | |c 13641 |d 13641 | ||
